Minuetto dal Quintetto G.275 : facile elaborazione per gruppo strumentale (3 Flauti o Violini, 3 Chitarre, 2 Pianoforti e 2 Violoncelli di Stefano Marre Brunenghi (Record no. 28930)

000 -LEADER
fixed length control field 00841nam a22002177a 4500
003 - CONTROL NUMBER IDENTIFIER
control field OSt
005 - DATE AND TIME OF LATEST TRANSACTION
control field 20260423103354.0
008 - FIXED-LENGTH DATA ELEMENTS--GENERAL INFORMATION
fixed length control field 260423b ||||| |||| 00| 0 eng d
020 ## - INTERNATIONAL STANDARD BOOK NUMBER
International Standard Book Number ISMN - 9790215818903
040 ## - CATALOGING SOURCE
Original cataloging agency BSHUA
Language of cataloging Shqip
050 ## - LIBRARY OF CONGRESS CALL NUMBER
Classification number 785.11:785.75
Item number 785.11/Bok.
082 ## - DEWEY DECIMAL CLASSIFICATION NUMBER
Item number 785.11/Bok.
100 ## - MAIN ENTRY--PERSONAL NAME
Personal name Boccherini, Luigi
245 ## - TITLE STATEMENT
Title Minuetto dal Quintetto G.275 : facile elaborazione per gruppo strumentale (3 Flauti o Violini, 3 Chitarre, 2 Pianoforti e 2 Violoncelli di Stefano Marre Brunenghi
260 ## - PUBLICATION, DISTRIBUTION, ETC. (IMPRINT)
Place of publication, distribution, etc Padova:
Name of publisher, distributor, etc Armelin Musica,
300 ## - PHYSICAL DESCRIPTION
Extent Partitura + 13 parte
653 ## - INDEX TERM--UNCONTROLLED
Uncontrolled term Muzika boterore - Muzika italiane - Muzike dhome - Muzike orekstrale - Minuet nga kuinteti -
-- Partitura - 13 parte -
-- 3 Flaut - 3 Violina - 3 Kitare - 2 Piano - 2 Cello
856 ## - ELECTRONIC LOCATION AND ACCESS
Link text Fulltext
942 ## - ADDED ENTRY ELEMENTS (KOHA)
Source of classification or shelving scheme
Koha item type Music Scores & Parts
953 ## - Fulltext
Is Fulltext Available Unavailable
Holdings
Withdrawn status Lost status Source of classification or shelving scheme Damaged status Not for loan Permanent Location Current Location Date acquired Cost, normal purchase price Full call number Barcode Date last seen Price effective from Koha item type
          Biblioteka e Universitetit te Arteve - Fondi i Mbyllur Biblioteka e Universitetit te Arteve - Fondi i Mbyllur 2026-04-23 1500.00 785.11/Bok. 68536 2026-04-23 2026-04-23 Music Scores & Parts
^
Universiteti i Arteve, Tiranë
Projekt i realizuar më Tetor, 2011.
Powered by: Koha
Developed by: Erjon Sulaj